000 01931nam0a2200313 i 4500
001 RU\NLR\BIBL_A\011130092
005 20260407230955.0
035 _a(NLR Aleph) 011130092
090 _a11563218
_c11563218
100 _a20160517d2013 u y0rusy50 ca
101 0 _arus
102 _aRU
105 _aa z 000yy
200 1 _aИнформационные технологии в публичных библиотеках Волгоградской области
_eметодическое пособие
_fВолгоград. обл. универс. науч. б-ка им. М. Горького, Отд. науч.-исслед. и метод. работы
_g[сост.: Н.Н. Ефимова
_gред.: Т.И. Климова]
210 _aВолгоград
_cВолгоградская ОУНБ
_d2013
215 _a26 с.
_cил.
_d21
225 1 _aСерия "Библиотека будущего?"
_vвып. 1
320 _aБиблиогр. в подстроч. примеч.
606 1 _aПубличные библиотеки
_jМетодические пособия
_xИнформационные технологии
_yВолгоградская область
_92286556
_3RU\NLR\AUTH\6601597468
686 1 _aЧ735.272я8
686 1 _aЧ734(2Р-4Во)711я8
702 1 _4220
_7ca
_8rus
_aЕфимова
_bН. Н.
_cбиблиограф
_gНина Николаевна
_9157696
_3RU\NLR\AUTH\770157736
702 1 _aКлимова
_bТ. И.
_gТамара Ивановна
_4340
712 0 2 _4570
_aВолгоградская областная универсальная научная библиотека им. М. Горького
_bОтдел научно-исследовательской и методической работы
_3RU\NLR\AUTH\8810156219
_9807885
942 _cBOOK
980 _aNBR